| 000 | 00707nam a22002057a 4500 | ||
|---|---|---|---|
| 005 | 20180310153127.0 | ||
| 010 | _aB-667729 | ||
| 020 |
_c395.00 _a9789351610718 |
||
| 035 | _aB-667729 | ||
| 037 | _bKKP | ||
| 082 | _a332.6068 | ||
| 100 | _aRustagi, R.P. | ||
| 245 |
_aInvestment management : _cby R.P. Rustagi _btheory and practice / |
||
| 250 | _a8th rev. ed | ||
| 260 |
_aNew Delhi _bSultan Chand _c2016 |
||
| 270 |
_a23, Daryaganj _bNew Delhi _e110002 |
||
| 300 |
_axvi,378p. _c25cm(pbk) |
||
| 942 |
_2ddc _cEN _mRUS _h332.6068 |
||
| 999 |
_c150324 _d150324 |
||